[Event "Pinneberg-ch 37th"]
[Site "Pinneberg"]
[Date "2019.09.12"]
[Round "6"]
[White "Grothkopp, Dietrich"]
[Black "Nguyen, Duy Anh"]
[Result "0-1"]
[WhiteElo "1704"]
[BlackElo "1837"]
[PlyCount "44"]
[EventDate "2019.08.08"]
[EventType "swiss"]
[EventRounds "7"]
[EventCountry "GER"]
[SourceTitle "CBM 192 Extra"]
[Source "Chessbase"]
[SourceDate "2019.11.06"]
[SourceVersion "1"]
[SourceVersionDate "2019.11.06"]
[SourceQuality "1"]

1. d4 Nf6 2. c4 e5 3. e3 exd4 4. exd4 d5 5. Nf3 Be7 6. Nc3 0-0 7. Be2 c6 8. cxd5 Nxd5 9. 0-0 Be6 10. a3 Nd7 11. Nxd5 Bxd5 12. Bf4 Re8 13. Rc1 Qb6 14. Qd2 Rad8 15. Ne5 Bf6 16. Qc3 Nf8 17. Rfd1 Ng6 18. Be3 Nh4 19. Bc4 Qc7 20. Bf4 Qc8 21. Bxd5 Rxd5 22. g4 Bxe5 0-1

[Event "Pinneberg-ch 37th"]
[Site "Pinneberg"]
[Date "2019.08.08"]
[Round "1"]
[White "Grothkopp, Dietrich"]
[Black "Thomann, Reinhard"]
[Result "1-0"]
[WhiteElo "1704"]
[BlackElo "960"]
[PlyCount "53"]
[EventDate "2019.08.08"]
[EventType "swiss"]
[EventRounds "7"]
[EventCountry "GER"]
[SourceTitle "CBM 192 Extra"]
[Source "Chessbase"]
[SourceDate "2019.11.06"]
[SourceVersion "1"]
[SourceVersionDate "2019.11.06"]
[SourceQuality "1"]

1. d4 d5 2. c4 e6 3. Nc3 Nf6 4. e3 Bb4 5. a3 Bxc3+ 6. bxc3 Ne4 7. Qc2 Nc6 8. Bd3 Nf6 9. Nf3 Bd7 10. 0-0 Na5 11. Ne5 Nxc4 12. Nxc4 dxc4 13. Bxc4 Bc6 14. f3 Qd7 15. a4 a5 16. e4 Rd8 17. Bg5 b6 18. e5 Nd5 19. Bxd8 Ne3 20. Qa2 Nxf1 21. Bg5 h6 22. Bc1 Nxh2 23. Kxh2 h5 24. Bg5 h4 25. Qe2 g6 26. Bb5 Bxb5 27. Qxb5 1-0

[Event "Pinneberg op Seniors 15th"]
[Site "Pinneberg"]
[Date "2014.??.??"]
[Round "3"]
[White "Grothkopp, Dietrich"]
[Black "Iwanow, Thomas"]
[Result "1/2-1/2"]
[WhiteElo "1640"]
[BlackElo "1765"]
[PlyCount "63"]
[EventDate "2014.07.03"]
[EventType "swiss"]
[EventRounds "7"]
[EventCountry "GER"]
[SourceTitle "EXT 2017"]
[Source "ChessBase"]
[SourceDate "2016.10.25"]
[SourceVersion "1"]
[SourceVersionDate "2016.10.25"]
[SourceQuality "1"]

1. d4 d5 2. c4 c6 3. e3 Nf6 4. Nc3 e6 5. a3 Be7 6. Bd3 Nbd7 7. Nf3 0-0 8. Bd2 dxc4 9. Bxc4 Nb6 10. Ba2 Nbd5 11. 0-0 Nxc3 12. Bxc3 Ne4 13. Qc2 Nxc3 14. Qxc3 Bf6 15. Rfd1 Qe7 16. h3 Rd8 17. b4 Bd7 18. Rac1 Rac8 19. Qc5 Be8 20. Qxe7 Bxe7 21. Ne5 Bd6 22. Nd3 b6 23. Bc4 Kf8 24. f4 Ke7 25. Kf2 f6 26. e4 Bb8 27. Ke3 h6 28. f5 exf5 29. exf5 Bf7 30. Bxf7 Kxf7 31. Nf4 Bxf4+ 32. Kxf4 1/2-1/2

[Event "Pinneberg op Seniors 13th"]
[Site "Pinneberg"]
[Date "2012.07.26"]
[Round "6"]
[White "Grothkopp, Dietrich"]
[Black "Kock, Rudolf"]
[Result "1/2-1/2"]
[WhiteElo "1716"]
[BlackElo "1401"]
[PlyCount "82"]
[EventDate "2012.06.21"]
[EventType "swiss"]
[EventRounds "7"]
[EventCountry "GER"]
[SourceTitle "EXT 2013"]
[Source "ChessBase"]
[SourceDate "2012.11.22"]
[SourceVersion "1"]
[SourceVersionDate "2012.11.22"]
[SourceQuality "1"]

1. d4 d5 2. c4 e6 3. Nc3 Nf6 4. Nf3 c6 5. e3 Bd6 6. Bd3 Nbd7 7. c5 Bc7 8. 0-0 b5 9. a3 a5 10. Bd2 Bb7 11. Qc2 Nf8 12. Rfe1 Ng6 13. Ne2 Ba6 14. h3 a4 15. Bc3 Ba5 16. Nd2 Bxc3 17. Nxc3 Qc7 18. f4 Ne7 19. Nf3 g6 20. Na2 h6 21. Nb4 Bc8 22. Ne5 Bd7 23. Re2 Nf5 24. Nf3 Ng3 25. Ree1 Nfe4 26. Bxe4 Nxe4 27. Ne5 Rg8 28. Ng4 h5 29. Nf2 f5 30. Nxe4 fxe4 31. Qf2 Qd8 32. Kf1 Qf6 33. Ke2 g5 34. g3 gxf4 35. gxf4 Kd8 36. Rg1 Kc7 37. Rg3 h4 38. Rxg8 Rxg8 39. Rg1 Rxg1 40. Qxg1 Be8 41. Qg4 Bg6 1/2-1/2

[Event "Pinneberg op Seniors 13th"]
[Site "Pinneberg"]
[Date "2012.07.19"]
[Round "5"]
[White "Hotze, Kurt"]
[Black "Grothkopp, Dietrich"]
[Result "1-0"]
[WhiteElo "1539"]
[BlackElo "1716"]
[PlyCount "60"]
[EventDate "2012.06.21"]
[EventType "swiss"]
[EventRounds "7"]
[EventCountry "GER"]
[SourceTitle "EXT 2013"]
[Source "ChessBase"]
[SourceDate "2012.11.22"]
[SourceVersion "1"]
[SourceVersionDate "2012.11.22"]
[SourceQuality "1"]

1. e4 c6 2. d4 d5 3. e5 Bf5 4. Nc3 e6 5. g4 Bg6 6. h4 h6 7. Nge2 c5 8. Nf4 Bh7 9. Bd3 Bxd3 10. Qxd3 Nc6 11. Be3 a6 12. 0-0-0 b5 13. Nxe6 fxe6 14. Qg6+ Kd7 15. dxc5 Nge7 16. Qe4 Ke8 17. Qg2 Qa5 18. Kb1 Rd8 19. f4 b4 20. Ne2 d4 21. Bxd4 Nd5 22. c4 bxc3 23. Bxc3 Qc7 24. Qe4 Bxc5 25. f5 Nxc3+ 26. Nxc3 Rxd1+ 27. Rxd1 Ne7 28. fxe6 g5 29. Rd7 Qc8 30. Qa4 Kf8 1-0

[Event "Pinneberg op Seniors 13th"]
[Site "Pinneberg"]
[Date "2012.07.06"]
[Round "3"]
[White "Cassens, Erhard Otto"]
[Black "Grothkopp, Dietrich"]
[Result "0-1"]
[WhiteElo "1711"]
[BlackElo "1716"]
[PlyCount "70"]
[EventDate "2012.06.21"]
[EventType "swiss"]
[EventRounds "7"]
[EventCountry "GER"]
[SourceTitle "EXT 2013"]
[Source "ChessBase"]
[SourceDate "2012.11.22"]
[SourceVersion "1"]
[SourceVersionDate "2012.11.22"]
[SourceQuality "1"]

1. f4 d5 2. Nf3 c5 3. e3 Nf6 4. c3 Nc6 5. d4 e6 6. Nbd2 Ng4 7. Qe2 f5 8. Ne5 Nf6 9. Ndf3 Nxe5 10. Nxe5 a6 11. Bd2 Bd7 12. g4 fxg4 13. Nxg4 Nxg4 14. Qxg4 Qf6 15. Bd3 0-0-0 16. Rg1 g6 17. 0-0-0 Kb8 18. Be1 Be7 19. Qg3 Ka8 20. Rd2 Rc8 21. Kb1 Rc6 22. h4 Rhc8 23. h5 cxd4 24. exd4 Qxd4 25. Bf2 Qh8 26. hxg6 hxg6 27. Bd4 Bf6 28. Rh2 Qg7 29. Bxf6 Qxf6 30. Rh7 Be8 31. Re1 Rb6 32. Re5 Rxc3 33. Qe3 Rcc6 34. Bc2 Rb4 35. Ba4 Rxa4 0-1

[Event "Pinneberg op Seniors 12th"]
[Site "Pinneberg"]
[Date "2011.07.28"]
[Round "7"]
[White "Grothkopp, Dietrich"]
[Black "Raedisch, Peter"]
[Result "0-1"]
[WhiteElo "1696"]
[BlackElo "1613"]
[PlyCount "75"]
[EventDate "2011.06.16"]
[EventType "swiss"]
[EventRounds "7"]
[EventCountry "GER"]
[SourceTitle "EXT 2012"]
[Source "ChessBase"]
[SourceDate "2011.11.24"]
[SourceVersion "1"]
[SourceVersionDate "2011.11.24"]
[SourceQuality "1"]

1. d4 d5 2. c4 e6 3. Nf3 Nf6 4. Nc3 Be7 5. e3 Nbd7 6. Bd3 0-0 7. 0-0 dxc4 8. Bxc4 c6 9. a3 Qc7 10. h3 e5 11. Qc2 h6 12. Nh4 Nb6 13. Ba2 Nbd5 14. Nxd5 Nxd5 15. Nf3 Be6 16. Bxd5 Bxd5 17. Nxe5 Be6 18. f4 f5 19. Ng6 Rf6 20. Nxe7+ Qxe7 21. Rf3 Bd5 22. Rf2 Be4 23. Qe2 Rg6 24. Qh5 Qf7 25. Qe2 Rg3 26. b4 Qg6 27. Kf1 b5 28. Qb2 Bd5 29. a4 bxa4 30. Rxa4 Qh5 31. Qc2 Bc4+ 32. Ke1 Bb5 33. Ra2 Kh7 34. Qc5 a6 35. e4 Re8 36. e5 Rd8 37. Rad2 Re3+ 38. Rfe2 0-1

[Event "Pinneberg op Seniors 11th"]
[Site "Pinneberg"]
[Date "2010.08.05"]
[Round "7"]
[White "Grothkopp, Dietrich"]
[Black "Cassens, Erhard Otto"]
[Result "0-1"]
[WhiteElo "1638"]
[BlackElo "1743"]
[PlyCount "88"]
[EventDate "2010.06.24"]
[EventType "swiss"]
[EventRounds "7"]
[EventCountry "GER"]
[SourceTitle "EXT 2011"]
[Source "ChessBase"]
[SourceDate "2010.11.26"]
[SourceVersion "1"]
[SourceVersionDate "2010.11.26"]
[SourceQuality "1"]

1. d4 e6 2. c4 f5 3. Nf3 Nf6 4. e3 Be7 5. Be2 0-0 6. Nc3 d6 7. 0-0 Qe8 8. b4 Ne4 9. Bb2 Nd7 10. Nb5 Bd8 11. Nd2 a6 12. Nc3 Ndf6 13. f3 Nxd2 14. Qxd2 d5 15. a3 c6 16. Rf2 Bc7 17. f4 Bd7 18. Rff1 b5 19. c5 Qe7 20. Qe1 Be8 21. Qh4 Bd8 22. Bf3 Qf7 23. Qg3 h6 24. Ne2 Nh7 25. Qh3 Qe7 26. g4 Qh4 27. Qg2 Ra7 28. Bc3 Qf6 29. Kh1 Bg6 30. Rg1 Bf7 31. Qh3 Qh4 32. Qg2 Qf6 33. Qh3 g5 34. Qf1 Bg6 35. Ra2 Bc7 36. h3 gxf4 37. exf4 fxg4 38. hxg4 Qh4+ 39. Kg2 Bd3 40. Rh1 Qf6 41. Qe1 Ng5 42. Qh4 Nxf3 43. Qxf6 Rxf6 44. Kxf3 Be4+ 0-1